ბათუმის შოთა რუსთაველის სახელმწიფო უნივერსიტეტის ბიბლიოთეკა

შრომის სამართალი / (ბიბ.ჩანაწერი № 53855)

000 -ლიდერი
ფიქსირებული სიგრძის საკონტროლო ველი 01751nam a2200337Ia 4500
001 - საკონტროლო ნომერი
საკონტროლო ველი 20906
003 - საკონტროლო ნომრის იდენტიფიკატორი
საკონტროლო ველი GE_BSU
005 - ბოლო ოპერაციის თარიღი და დრო
საკონტროლო ველი 20210615180102.0
008 - ფიქსირებული სიგრძის მონაცემთა ელემენტები - ზოგადი ინფორმაცია
ფიქსირებული სიგრძის საკონტროლო ველი 181216s2013||||ge |||||||||||||| ||geo||
020 ## - წიგნის საერთაშორისო სტანდარტული ნომერი
International Standard Book Number 9789941932281
040 ## - კატალოგიზაციის წყარო
Transcribing agency GE_BSU
041 ## - ენის კოდი
Language code of text/sound track or separate title geo
080 ## - უნივერსალური ათობითი კლასიფიკაციის ინდექსი
Universal Decimal Classification number 349.2(479.22) ძ-21
100 ## - მთავარი ჩანაწერი - პიროვნების სახელი
Personal name ძამუკაშვილი, დავით
9 (RLIN) 925
245 ## - ცნობა სათაურის შესახებ
Title შრომის სამართალი /
Statement of responsibility, etc დავით ძამუკაშვილი.
250 ## - გამოცემის ცნობა
Edition statement მე-4 გადამუშავებული გამოცემა
264 ## - წარმოების, გამოცემის, დისტრიბუციის და სხვა ცნობები
გამოცემის, წარმოების, დისტრიბუციის... ადგილი თბილისი :
გამოცემის, წარმოების, დისტრიბუციის... სახელწოდება ბონა კაუზა,
გამოცემის, წარმოების, დისტრიბუციის... თარიღი 2013.
300 ## - ფიზიკური აღწერა
Extent 381გვ. ;
Dimensions 20 სმ.
490 ## - სერიის ცნობა
Series statement იურისტის ბიბლიოთეკა
653 ## - INDEX TERM--UNCONTROLLED
Uncontrolled term სამართალი
653 ## - INDEX TERM--UNCONTROLLED
Uncontrolled term საქართველოს შრომის ეროვნული სამართალი
653 ## - INDEX TERM--UNCONTROLLED
Uncontrolled term შრომის სამართლის განვითარების მოკლე ისტორიული მიმოხილვა
653 ## - INDEX TERM--UNCONTROLLED
Uncontrolled term შრომის სამართლის წყაროები
653 ## - INDEX TERM--UNCONTROLLED
Uncontrolled term შრომითი ურთიერთობა და მისი სუბიექტები
653 ## - INDEX TERM--UNCONTROLLED
Uncontrolled term შრომითი ურთიერთობის დამყარება
653 ## - INDEX TERM--UNCONTROLLED
Uncontrolled term შრომის პირობები
653 ## - INDEX TERM--UNCONTROLLED
Uncontrolled term შრომის სამართალი
653 ## - INDEX TERM--UNCONTROLLED
Uncontrolled term როგორ დავიცვათ დამსაქმებლისა და დასაქმებულის უფლებები
942 ## - ADDED ENTRY ELEMENTS (KOHA)
Koha item type წიგნი
Source of classification or shelving scheme
ეგზემპლარები
ჩამოწერის სტატუსი დაკარგული ეგზემპლარის სტატუსი კლასიფიკაციის წყარო ან თაროზე გაწყობის სქემა დაზიანების სტატუსი არ გაიცემა მუდმივი მდებარეობა (დაცვის ადგილი) ამჟამინდელი ადგილსამყოფელი თაროზე განთავსების ადგილი შეძენის თარიღი ღირებულება, შესყიდვის ნორმალური ფასი სრული შენახვის შიფრი შტრიხკოდი ბოლო ოპერაციის თარიღი ეგზემპლარის მიმდევრობითი ნომერი (კეტერი?) ფასის ძალაში შესვლის თარიღი ეგზემპლარის სახეობა საჯარო შენიშვნა
          ბათუმის შოთა რუსთაველის სახელმწიფო უნივერსიტეტის მთავარი ბიბლიოთეკა ბათუმის შოთა რუსთაველის სახელმწიფო უნივერსიტეტის მთავარი ბიბლიოთეკა წიგნსაცავი 2018-12-17 16.00 349.2(479.22) ძ-21 54500 2018-12-17 54500 2018-12-17 წიგნი 16.00 ₾.
          ბათუმის შოთა რუსთაველის სახელმწიფო უნივერსიტეტის მთავარი ბიბლიოთეკა ბათუმის შოთა რუსთაველის სახელმწიფო უნივერსიტეტის მთავარი ბიბლიოთეკა წიგნსაცავი 2018-12-17 16.00 349.2(479.22) ძ-21 54501 2018-12-17 54501 2018-12-17 წიგნი 16.00 ₾.